ბათუმის შოთა რუსთაველის სახელმწიფო უნივერსიტეტის ბიბლიოთეკა

ამოცანებისა და სავარჯიშოების კრებული ქიმიაში : (ბიბ.ჩანაწერი № 37524)

000 -ლიდერი
ფიქსირებული სიგრძის საკონტროლო ველი 01038nam a2200229Ia 4500
001 - საკონტროლო ნომერი
საკონტროლო ველი 3488
003 - საკონტროლო ნომრის იდენტიფიკატორი
საკონტროლო ველი GE_BSU
005 - ბოლო ოპერაციის თარიღი და დრო
საკონტროლო ველი 20190618161502.0
008 - ფიქსირებული სიგრძის მონაცემთა ელემენტები - ზოგადი ინფორმაცია
ფიქსირებული სიგრძის საკონტროლო ველი 181216s2007||||ge |||||||||||||| ||geo||
040 ## - კატალოგიზაციის წყარო
Transcribing agency GE_BSU
041 ## - ენის კოდი
Language code of text/sound track or separate title geo
080 ## - უნივერსალური ათობითი კლასიფიკაციის ინდექსი
Universal Decimal Classification number 54(075.3) გ–63
100 ## - მთავარი ჩანაწერი - პიროვნების სახელი
Personal name გოლდფარბი ი.
9 (RLIN) 2555
245 ## - ცნობა სათაურის შესახებ
Title ამოცანებისა და სავარჯიშოების კრებული ქიმიაში :
Remainder of title მე-8-10 კლასებისათვის /
Statement of responsibility, etc ი.ლ. გოლდფარბი, ი.ვ. ხოდაკოვი, ი.ბ. დოდონოვი.
264 ## - წარმოების, გამოცემის, დისტრიბუციის და სხვა ცნობები
გამოცემის, წარმოების, დისტრიბუციის... ადგილი თბილისი :
გამოცემის, წარმოების, დისტრიბუციის... სახელწოდება განათლება,
გამოცემის, წარმოების, დისტრიბუციის... თარიღი 1983.
300 ## - ფიზიკური აღწერა
Extent 225გვ.ილ. :
Other physical details ილ. ;
Dimensions 22სმ.
653 ## - INDEX TERM--UNCONTROLLED
Uncontrolled term ქიმია
653 ## - INDEX TERM--UNCONTROLLED
Uncontrolled term ამოცანების კრებულები
700 ## - ADDED ENTRY--PERSONAL NAME
Personal name ხოდაკოვი, ი.ვ.
Relator term ავტორი
9 (RLIN) 2556
700 ## - ADDED ENTRY--PERSONAL NAME
Personal name დოდონოვი, ი.ბ.
Relator term ავტორი
9 (RLIN) 2557
942 ## - ADDED ENTRY ELEMENTS (KOHA)
Koha item type წიგნი
Source of classification or shelving scheme
ეგზემპლარები
ჩამოწერის სტატუსი დაკარგული ეგზემპლარის სტატუსი კლასიფიკაციის წყარო ან თაროზე გაწყობის სქემა დაზიანების სტატუსი არ გაიცემა მუდმივი მდებარეობა (დაცვის ადგილი) ამჟამინდელი ადგილსამყოფელი თაროზე განთავსების ადგილი შეძენის თარიღი სრული შენახვის შიფრი შტრიხკოდი ბოლო ოპერაციის თარიღი ეგზემპლარის მიმდევრობითი ნომერი (კეტერი?) ფასის ძალაში შესვლის თარიღი ეგზემპლარის სახეობა საჯარო შენიშვნა
          ბათუმის შოთა რუსთაველის სახელმწიფო უნივერსიტეტის მთავარი ბიბლიოთეკა ბათუმის შოთა რუსთაველის სახელმწიფო უნივერსიტეტის მთავარი ბიბლიოთეკა წიგნსაცავი 2018-12-17 54(075.3) გ–63 4982 2018-12-17 4982 2018-12-17 წიგნი